000 00703nam a2200241Ia 4500
005 20260121112544.0
008 6935 260114s9999 xx 000 0 eng d
020 _a9789814289986
037 _aEBOOK
040 _aCRL
_beng
_cCRL
041 _aeng
_2eng
084 _qCRL
100 _aMahadevan Venkatesh Et Al
_9959493
245 0 _aSoftware Technology and Engineering - Proceedings of the International Conference on Icste 2009
260 _bWorld Scientific
260 _bWSPC
260 _c2009
650 _aComputer Science
_9959494
856 _uhttps://www.worldscientific.com/worldscibooks/10.1142/7533#t=toc
942 _cEBOOK
999 _c1544235
_d1544235